000 00650nam a22002417a 4500
001 BR6001480
003 BR-BrBNA
005 20230928095507.0
007 ta
008 230509b bl.||||| |||| 00| 0 por d
040 _aBR-BrBNA
_bpor
_cBiblioteca Nacional de Agricultura
041 _a(Por)
072 _aF50; F70
090 _ F50 BR6001480
100 1 _aAlencar-Barros, L.A. de
245 1 _aCompendio de botanica geral e sistematica
260 3 _aSao Paulo, SP (Brasil):
_bClassico-Cientifico,
_c1944.
300 _a377 p.
650 _aBotanica
650 _aTaxonomia Vegetal
909 _a202309
_bLucia
_c55
_dLucia Elande
942 _cBK
999 _c56890
_d56890